00732nam a2200229 a 4500001001300000003000900013005001700022008004100039020001000080082002100090100002000111245005200131260004700183500003500230505002400265650002900289700002000318902000800338942000700346952013400353999001500487nice12345678IN_TiNIC20260116012839.0050524s1900 naga grp 000 0 eng  ac10000a320.5509176bAUG aAugustine, Jons aReligious Fundamentalismb an Asian Perspective aNagpurbNational Council of Churchesc1900 aincludes index and biblioraphy2 aBibliography, Index aReligious Fundamentalism1 aAugustine, Jons bSRS cBK 001040708StackRoom-aHMIbHMId2011-06-01g100.00l3o320.5509176 AUGp014441r2020-08-26s2020-07-29v100.00w2005-05-24yBK c8620d8620